Jujutsu Kaisen by Emoji! 60! - Statistics

General Stats
  • This quiz has been taken 315 times
    156 since last reset
  • The average score is 38 of 60
Answer Stats
Answer Hint % Correct
๐Ÿ”ต๐Ÿ”ดโ™พ Saturo Gojo
100%
๐Ÿ”จ๐Ÿ’…๐ŸŽŽ Nobara Kugisaki
98%
โš”๐Ÿ•ถ๐ŸŸข๐Ÿ‘ฌ Maki Zenin
97%
๐Ÿผ๐Ÿ‘Š Panda
97%
๐Ÿ’โŒ๐Ÿ–ค Suguru Geto
97%
๐ŸŒ‘๐ŸคŸ๐Ÿ‡๐Ÿ๐Ÿบ Megumi Fushiguro
96%
๐Ÿ”ปโ—ผ๐Ÿ‘Š๐ŸŸฅโ—พ Yuji Itadori
94%
๐Ÿ‘๐Ÿ‘๐Ÿ’ช Aoi Todo
93%
๐ŸŒ‹๐Ÿ’ข Jogo
93%
โœ‚๐Ÿ”ฅโฉ๐Ÿ‘ฟ Ryomen Sukuna
92%
๐Ÿ“ˆ๐Ÿ‘”๐Ÿฅฝ Kento Nanami
91%
๐Ÿ—ฃ๐Ÿฃ๐Ÿ“ฃ Toge Inumaki
90%
๐Ÿฉธ๐Ÿง‘โ€๐Ÿคโ€๐Ÿง‘๐Ÿฉธ Choso
89%
๐ŸŒŠ๐ŸŸ๐Ÿ‘ฟ Dagon
87%
โšก๐Ÿ˜‡ Hana Kurusu
87%
๐Ÿค‘๐Ÿช“๐Ÿฆโ€โฌ›๐Ÿฆโ€โฌ›๐Ÿฆโ€โฌ› Mei Mei
87%
๐ŸŒฟ๐ŸŒณ๐Ÿ˜ก Hanami
85%
๐Ÿค–๐ŸŸข๐Ÿฆพ Kokichi Muta
84%
๐ŸŸฉโ˜˜โœŠ Kinji Hakari
82%
๐Ÿ”ซ๐ŸŸฉโš’๐Ÿ‘ฌ Mai Zenin
81%
๐Ÿชฑโš”๐Ÿ”ซ Toji Fushiguro
81%
๐Ÿชก๐Ÿ˜ˆ๐Ÿ’” Mahito
80%
๐ŸŸช๐Ÿฉทโš”ยฉ Yuta Okkotsu
80%
โšก๐Ÿง‡๐ŸŸฃ Hajime Kashimo
75%
โšซ๐ŸงŸ๐Ÿฅธ Kenjaku
75%
๐Ÿšฌ๐Ÿฅผ Shoko Lieri
74%
๐ŸงŠ๐Ÿซฒโ„ Uraume
71%
๐Ÿงน๐Ÿ‘ง Momo Nishimiya
69%
๐ŸŽŽ๐Ÿช†๐Ÿผ Masamachi Yaga
68%
๐Ÿน๐Ÿฉธ Noritoshi Kamo
66%
โœจ๐ŸŒ ๐Ÿณโ€โšง Kirara Hoshi
65%
โฉโฉ๐ŸŽž๐ŸŒ™ Naoya Zenin
65%
โœจ๐ŸŒ ๐Ÿ‹ Yuki Tsukumo
65%
โš”๐Ÿ”ต๐Ÿ‘Ž๐Ÿ˜ด Kasumi Miwa
62%
๐Ÿชผ๐Ÿ”น Junpei Yoshino
59%
๐Ÿ˜‚๐Ÿ”ด๐Ÿฅธ Fumihiko Takaba
58%
๐Ÿง‘โ€โš–๐Ÿคบ Hiromi Higuruma
58%
๐Ÿช‚๐ŸŒซ๐Ÿซฒ๐ŸŒซ Takako Uro
58%
๐Ÿ‘ฟ๐Ÿฉท๐Ÿฉท Rika Orimoto
52%
๐ŸŽธ๐Ÿง“ Yoshinobu Gakuganji
52%
๐Ÿ“ฃ๐Ÿ’ช๐Ÿ”ป Utahime Lori
48%
๐ŸŽž๐ŸŽž๐Ÿง“๐Ÿ”ฅ Naobito Zenin
47%
๐Ÿšง๐Ÿšง๐Ÿšงโญ Tengen
43%
โš”๐Ÿ˜‡๐Ÿ‘ฟ๐Ÿ› Divine General Mahoraga
41%
๐Ÿชขโฌ›๐Ÿ•ถ๐ŸŒ Miguel
40%
๐Ÿฆ—๐Ÿ‘Š Ko-Guy
38%
๐Ÿ“ฐ๐Ÿ“„๐Ÿ“ƒ๐Ÿ› Reggie Star
38%
โญ๐ŸŒŠโญ๐Ÿ‘ฉ๐Ÿ”ซ Riko Amanai
36%
โšซ๐Ÿœโ—ผโš’ Yorozu
36%
๐Ÿ‘‡๐Ÿคบ๐Ÿ€6 Haruta
35%
โš”๐Ÿ”ต๐Ÿค”๐Ÿ’ช Atsuya Kusakabe
29%
๐Ÿคณ๐Ÿงต๐Ÿ’‡ Mimiko and Nanako
27%
๐Ÿ˜ƒ๐Ÿ‘โ˜ 17 Yu Haibara
27%
โšกโšก๐Ÿ’‡๐Ÿ’ช Ryu Ishigori
26%
โšซ4๐Ÿฒ๐Ÿฆ„๐ŸŽฏ Takuma Ino
26%
๐Ÿ‡ฎ๐Ÿ‡ณ๐Ÿง˜๐Ÿ‘ฟ Dhruv Lakdawalla
25%
๐Ÿชณ๐Ÿชณ๐Ÿ”ช Kurourushi
25%
๐Ÿงจ๐Ÿ‘ Iori Hazenoki
20%
๐Ÿ“–โœ’๐Ÿฅ– Charles Bernard
18%
๐Ÿฆ…๐Ÿ๐Ÿฏ๐ŸฆŒโšก๐ŸŸฃ Agito
10%
No matching quizzes found
Score Distribution
Percent of People with Each Score
Percentile by Number Answered
Your Score History
You have not taken this quiz since the last reset